[Event "S60149 Server NA Class B Ch"]
[Site "CCLA"]
[Date "2016.05.12"]
[Round "?"]
[White "Anderson, Clarence"]
[Black "Strelecky, Rich"]
[Result "1-0"]
[WhiteElo "1717"]
[BlackElo "1670"]

1. d4 Nf6 2. c4 e6 3. g3 d5 4. Bg2 Be7 5. Nf3 O-O 6. O-O c6 7. Qc2 Nbd7 8.
 b3 Ne4 9. Nbd2 f5 10. Bb2 Qe8 11. Ne1 Bb4 12. Nxe4 fxe4 13. f3 exf3 14. 
exf3 Rf6 15. f4 Rh6 16. Nf3 Qg6 17. Qe2 Qe4 18. Qf2 Qf5 19. a3 Be7 20. 
Rae1 b5 21. cxd5 cxd5 22. Ng5 Ba6 23. Qe2 Nf8 24. g4 Qf6 25. Bxd5 exd5 26.
 Qxe7 Qxe7 27. Rxe7 Rh4 28. h3 h6 29. Nf3 Rxh3 30. Kg2 Ng6 31. Kxh3 Nxe7 
32. Re1 Kf7 33. Ne5+ Kg8 34. Rc1 Rc8 35. Rxc8+ Bxc8 36. Kh4 a5 37. Bc3 a4 
38. bxa4 bxa4 39. Bb4 Nf5+ 40. gxf5 Bxf5 41. Nc6 Kh7 42. Ne7 Be4 43. f5 
Bf3 44. Kg3 Be4 45. Kf4 Bg2 46. Ke5 h5 47. Be1 Bf3 48. Nxd5 Kh6 49. Bh4 g5
50. fxg6 Kxg6 51. Nb6 Kf7 52. Nxa4 Bg4 53. Nc5 Ke8 54. a4 Kf8 55. a5 Ke8 
56. a6 Bf3 57. d5 1-0

[Event "S60149 Server NA Class B Ch"]
[Site "CCLA"]
[Date "2016.05.12"]
[Round "?"]
[White "Anderson, Clarence"]
[Black "Laaman, Thomas"]
[Result "1-0"]
[WhiteElo "1717"]
[BlackElo "1632"]

1. d4 d5 2. Bf4 e6 3. e3 c5 4. c3 Nc6 5. Nd2 Nf6 6. Ngf3 Be7 7. Bd3 O-O 8.
 Ne5 c4 9. Bc2 Bd6 10. Nxc6 bxc6 11. Bxd6 Qxd6 12. f4 Rb8 13. Rb1 c5 14. 
O-O h6 15. g4 Nh7 16. Nf3 f5 17. Ne5 cxd4 18. exd4 Bd7 19. Kh1 Nf6 20. g5 
hxg5 21. fxg5 Nh7 22. Qh5 Be8 23. g6 Nf6 24. Qh4 Bd7 25. Rf3 Rfe8 26. Nf7 
1-0

[Event "S60149 Server NA Class B Ch"]
[Site "CCLA"]
[Date "2016.05.12"]
[Round "?"]
[White "Anderson, Clarence"]
[Black "Hadley, Douglas R."]
[Result "1-0"]
[WhiteElo "1717"]
[BlackElo "1662"]

1. d4 Nf6 2. Bf4 c5 3. e3 Qb6 4. Nc3 d6 5. Bd3 g6 6. Nge2 Bg7 7. O-O cxd4 
8. exd4 O-O 9. Qd2 Bd7 10. d5 Na6 11. a3 Nc5 12. Be3 Qc7 13. f3 Nxd3 14. 
Qxd3 b6 15. Rac1 Rfc8 16. Rfd1 Qc4 17. Qd2 Qa6 18. Bh6 Qc4 19. Bxg7 Kxg7 
20. Qe1 Rc5 21. Rd4 Qa6 22. Ng3 Kf8 23. Nge4 Nxe4 24. Rxe4 e5 25. dxe6 
Bxe6 26. Rd1 Rd8 27. Qh4 Qc8 28. Qh6+ Ke7 29. Qxh7 Rh5 30. Qg7 Rdh8 31. 
Nd5+ Kd8 32. Qf6+ Kd7 33. Qe7+ Kc6 34. Rc4+ Kb5 35. Rxc8 Rxc8 36. Nc7+ Kc6
37. Rxd6+ Kc5 38. Rxe6+ 1-0

[Event "S60149 Server NA Class B Ch"]
[Site "CCLA"]
[Date "2016.05.12"]
[Round "?"]
[White "Anderson, Clarence"]
[Black "Fisher Jr., Arthur"]
[Result "1-0"]
[WhiteElo "1717"]
[BlackElo "1691"]

1. d4 d5 2. Bf4 Nf6 3. e3 Bf5 4. c4 e6 5. Qb3 Nbd7 6. Nc3 dxc4 7. Bxc4 Nb6
8. Be2 c6 9. Nf3 Be7 10. h3 Bd6 11. Bg5 O-O 12. e4 Bxe4 13. Nxe4 Be7 14. 
Nxf6+ Bxf6 15. Bxf6 Qxf6 16. O-O Nd5 17. Qxb7 Nf4 18. Qa6 Qg6 19. Nh4 Qg5 
20. g3 Nxh3+ 21. Kh2 Nf4 22. Rh1 Qf6 23. Nf3 Nd5 24. Qxc6 Rab8 25. Qc2 
Rfe8 26. Kg2 h6 27. Ne5 Rec8 28. Qd2 Rc7 29. Rhc1 Rbc8 30. Rxc7 Rxc7 31. 
Rc1 Qe7 32. Rxc7 Qxc7 33. Bh5 f6 34. Bf7+ Kf8 35. Bxe6 fxe5 36. Bxd5 exd4 
37. Qxd4 Qe7 38. Qf4+ Qf6 39. Qxf6+ gxf6 40. b4 Ke7 41. b5 Kd6 42. Bc6 Kc7
43. g4 Kb6 44. a4 a6 45. f4 axb5 46. axb5 1-0

[Event "S60149 Server NA Class B Ch"]
[Site "CCLA"]
[Date "2016.05.12"]
[Round "?"]
[White "Anderson, Clarence"]
[Black "Avery, Bryce"]
[Result "1-0"]
[WhiteElo "1717"]
[BlackElo "1649"]

1. d4 Nf6 2. Bf4 g6 3. e3 Bg7 4. Nf3 d6 5. h3 O-O 6. Be2 c5 7. Nbd2 Nc6 8.
 O-O cxd4 9. exd4 Nxd4 10. Nxd4 e5 11. Be3 exd4 12. Bxd4 d5 13. Nf3 Bf5 
14. c3 Ne4 15. Re1 Qd6 16. Bxg7 Kxg7 17. Nd4 Bd7 18. Bd3 f5 19. Bxe4 fxe4 
20. Rxe4 Qf6 21. Re2 Rae8 22. Qd2 Re4 23. Rxe4 dxe4 24. Nb3 Bc6 25. Qd4 
Qxd4 26. Nxd4 Re8 27. Rd1 Bd7 28. c4 b6 29. Kf1 Kf6 30. Ke2 Ke5 31. Ke3 h5
32. Nb5 Bxb5 33. Rd5+ Kf6 34. Rxb5 Rc8 35. b3 Rd8 36. Rd5 1-0

[Event "S60149 Server NA Class B Ch"]
[Site "CCLA"]
[Date "2016.05.12"]
[Round "?"]
[White "Anderson, Clarence"]
[Black "Disque, Philip"]
[Result "1-0"]
[WhiteElo "1717"]
[BlackElo "1612"]

1. d4 e6 2. c4 Bb4+ 3. Nd2 Nf6 4. Nf3 O-O 5. a3 Be7 6. e4 d5 7. e5 Nfd7 8.
 Bd3 c5 9. h4 g6 10. h5 cxd4 11. Qc2 Nc5 12. cxd5 Nxd3+ 13. Qxd3 Qxd5 14. 
Ne4 Nd7 15. Bh6 Re8 16. Bg5 Nxe5 17. Nxe5 Qxe5 18. f4 Qa5+ 19. b4 Bxb4+ 
20. Kf2 Be7 21. hxg6 fxg6 22. Rxh7 Qa4 23. Nf6+ 1-0

[Event "S60149 Server NA Class B Ch"]
[Site "CCLA"]
[Date "2016.05.12"]
[Round "?"]
[White "Anderson, Clarence"]
[Black "Catania, Duane"]
[Result "1-0"]
[WhiteElo "1717"]
[BlackElo "1637"]

1. d4 e6 2. Nf3 b6 3. e4 Bb7 4. Bd3 Nf6 5. e5 Nd5 6. a3 c5 7. c4 Nc7 8. 
dxc5 bxc5 9. Nc3 Nc6 10. Ne4 d5 11. exd6 Bxd6 12. O-O Be7 13. Be3 e5 14. 
Nxc5 Bxc5 15. Bxc5 Ne6 16. Be3 O-O 17. Qc2 h6 18. Be4 Qf6 19. b4 Ned4 20. 
Nxd4 exd4 21. Bd2 Rfe8 22. b5 d3 23. Qxd3 Rad8 24. Qf3 Qxa1 25. Rxa1 Nd4 
26. Bh7+ Kxh7 27. Qxb7 Nc2 28. Rf1 Rxd2 29. Qxa7 Ree2 30. Qa8 Nd4 31. b6 
Rb2 32. c5 Re6 33. h3 g6 34. Rd1 Ne2+ 35. Kh2 Nf4 36. b7 1-0

[Event "S60149 Server NA Class B Ch"]
[Site "CCLA"]
[Date "2016.05.12"]
[Round "?"]
[White "Strelecky, Rich"]
[Black "Anderson, Clarence"]
[Result "0-1"]
[WhiteElo "1670"]
[BlackElo "1717"]

1. e4 g6 2. d4 Bg7 3. Nc3 d6 4. Nf3 a6 5. Be3 b5 6. Bd3 Bb7 7. O-O Nd7 8. 
Re1 Ngf6 9. Bg5 h6 10. Bxf6 Bxf6 11. Qd2 e6 12. d5 e5 13. b4 g5 14. h3 h5 
15. Nh2 Nf8 16. a4 bxa4 17. Rxa4 Ng6 18. Ne2 Nf4 19. Nxf4 exf4 20. Qe2 Qc8
21. Ra3 Bb2 22. Rb3 Bf6 23. Ra3 c5 24. dxc6 Qxc6 25. Ra5 Bd8 26. Rf5 Bc8 
27. Rd5 Kf8 28. Nf3 Be6 29. Bc4 Qb6 30. Rd4 g4 31. Qd3 Bxc4 32. Rxc4 gxf3 
33. Qxf3 Bg5 34. Qc3 Rh6 35. e5 d5 36. Rc8+ Rxc8 37. Qxc8+ Kg7 38. Qf5 
Qxb4 39. Rd1 Qe4 40. Qd7 Rg6 41. Qxd5 Qxd5 42. Rxd5 Re6 43. c4 f6 44. Rd7+
Kg6 45. exf6 Bxf6 46. c5 Rc6 47. Rd6 Rxd6 48. cxd6 a5 0-1

[Event "S60149 Server NA Class B Ch"]
[Site "CCLA"]
[Date "2016.05.12"]
[Round "?"]
[White "Strelecky, Rich"]
[Black "Laaman, Thomas"]
[Result "1/2-1/2"]
[WhiteElo "1670"]
[BlackElo "1632"]

1. e4 e5 2. Nf3 Nf6 3. Nxe5 d6 4. Nf3 Nxe4 5. Qe2 Qe7 6. d3 Nf6 7. Bg5 
Qxe2+ 8. Bxe2 Be7 9. Nc3 Nc6 10. Nb5 Kd8 11. O-O Bg4 12. Nbd4 Bd7 13. 
Nxc6+ Bxc6 14. Nd4 Bd7 15. h3 h6 16. Bxf6 Bxf6 17. c3 Bxd4 18. cxd4 d5 19.
 Bf3 c6 20. Rfe1 Re8 21. Re5 f6 22. Re2 Rxe2 23. Bxe2 Ke7 24. f4 g5 25. 
Rf1 Rf8 26. Bg4 Bxg4 27. hxg4 gxf4 28. Rxf4 Kf7 29. Kf2 Re8 30. a4 a5 31. 
Rf5 Ra8 32. Ke3 Ra6 33. Kd2 Rb6 34. Kc3 Rb4 35. b3 Kg6 36. Rh5 Rb6 37. g3 
Ra6 38. Kd2 Ra8 39. Ke2 Rb8 40. Kd2 b5 41. axb5 Rxb5 42. Kc2 Rb8 43. Rf5 
Ra8 44. Kc3 a4 45. bxa4 Rxa4 46. Rf4 Ra3+ 47. Kd2 Ra2+ 48. Ke3 Rc2 49. Rf2
Rxf2 1/2-1/2

[Event "S60149 Server NA Class B Ch"]
[Site "CCLA"]
[Date "2016.05.12"]
[Round "?"]
[White "Strelecky, Rich"]
[Black "Hadley, Douglas R."]
[Result "1/2-1/2"]
[WhiteElo "1670"]
[BlackElo "1662"]

1. e4 e5 2. Nf3 Nc6 3. Bc4 Bc5 4. c3 Qe7 5. d4 Bb6 6. O-O d6 7. Bg5 Nf6 8.
 d5 Nb8 9. h3 Nbd7 10. b4 h6 11. Bh4 g5 12. Bg3 Nxe4 13. Kh2 Ndf6 14. Bb5+
Bd7 15. Bxd7+ Qxd7 16. Qd3 O-O-O 17. Nbd2 Nxg3 18. fxg3 Rdg8 19. Nxe5 dxe5
20. Rxf6 Rg7 21. Nc4 Re8 22. Re1 h5 23. Nxe5 Qe7 24. Qf5+ Kd8 25. Nxf7+ 
Rxf7 26. Rxf7 Qxf7 27. Qxf7 Rxe1 28. Qf6+ Kd7 29. Qf5+ Kd6 30. Qg6+ Kd7 
31. Qg7+ Kd6 32. Qg6+ Kd7 33. Qf5+ Kd6 1/2-1/2

[Event "S60149 Server NA Class B Ch"]
[Site "CCLA"]
[Date "2016.05.12"]
[Round "?"]
[White "Strelecky, Rich"]
[Black "Fisher Jr., Arthur"]
[Result "1-0"]
[WhiteElo "1670"]
[BlackElo "1691"]

1. e4 e5 2. Nf3 Nc6 3. d4 exd4 4. Nxd4 Nf6 5. Nc3 Bb4 6. Nxc6 bxc6 7. Bd3 
h6 8. O-O O-O 9. e5 Nd5 10. Nxd5 cxd5 11. Bxh6 gxh6 12. Qg4+ Qg5 13. Qxb4 
Qxe5 14. Rae1 Qf6 15. Qg4+ Qg5 16. Qxg5+ hxg5 17. Re5 f6 18. Rxd5 d6 19. 
Re1 Bb7 20. Bc4 Kh8 21. Rd3 Rfe8 22. Rde3 Re5 23. Rh3+ Kg7 24. Rxe5 dxe5 
25. Rd3 Bc6 26. Bd5 Bxd5 27. Rxd5 Rb8 28. b3 Rf8 29. c4 Rf7 30. g4 Re7 31.
 Kg2 e4 32. b4 Kf7 33. b5 e3 34. fxe3 Rxe3 35. Rd7+ Re7 36. Rd2 Re4 37. 
Rd7+ Re7 38. Rxe7+ Kxe7 39. Kf3 Kd6 40. Ke4 Kc5 41. Kd3 Kd6 42. Ke4 Ke6 
43. c5 Ke7 44. Kf5 Kf7 45. a4 Ke7 46. a5 Kf7 47. b6 cxb6 48. axb6 axb6 49.
 cxb6 1-0

[Event "S60149 Server NA Class B Ch"]
[Site "CCLA"]
[Date "2016.05.12"]
[Round "?"]
[White "Strelecky, Rich"]
[Black "Avery, Bryce"]
[Result "1-0"]
[WhiteElo "1670"]
[BlackElo "1649"]

1. e4 e5 2. Nf3 Nc6 3. Bc4 Nf6 4. Ng5 Bc5 5. Bxf7+ Ke7 6. Bc4 Rf8 7. d3 
Qe8 8. O-O d6 9. h3 h6 10. Nf3 Qg6 11. Nh4 Qh7 12. c3 g5 13. Nf3 g4 14. 
hxg4 Bxg4 15. Nbd2 h5 16. Qb3 Na5 17. Qa4 Nxc4 18. Qxc4 h4 19. Ng5 Qh5 20.
 Ndf3 h3 21. Nxe5 hxg2 22. Kxg2 Bh3+ 23. Nxh3 Qxe5 24. Be3 Rg8+ 25. Ng5 
Rxg5+ 26. Kf3 Bxe3 27. Qxc7+ Nd7 28. Kxe3 Qc5+ 29. Qxc5 Nxc5 30. Rh1 b5 
31. Rh7+ Ke6 32. Rah1 Kf6 33. b4 Na4 34. f4 Rg6 35. f5 Rg7 36. R7h6+ Kf7 
37. Rxd6 Nxc3 38. Rh2 a5 39. f6 Rg6 40. Rh7+ Kg8 41. Rc7 Rg3+ 42. Kf2 Rxd3
43. f7+ Kf8 44. Rxd3 Nxe4+ 45. Kf1 Ng5 46. Rg3 Nxf7 47. Rf3 1-0

[Event "S60149 Server NA Class B Ch"]
[Site "CCLA"]
[Date "2016.05.12"]
[Round "?"]
[White "Strelecky, Rich"]
[Black "Disque, Philip"]
[Result "0-1"]
[WhiteElo "1670"]
[BlackElo "1612"]

1. e4 c6 2. d4 d5 3. Nc3 dxe4 4. Nxe4 Nf6 5. Nxf6+ gxf6 6. Nf3 Bg4 7. Be2 
Qc7 8. Be3 Nd7 9. h3 Bh5 10. O-O Nb6 11. Nh4 Bg6 12. c4 O-O-O 13. a4 e6 
14. a5 Na8 15. a6 b6 16. Qb3 Bd6 17. Nf3 Rhg8 18. c5 Bf4 19. Bxf4 Qxf4 20.
 cxb6 Nxb6 21. Rfc1 Be4 22. Qe3 Qxe3 23. fxe3 Kd7 24. Ra3 Rg3 25. Kh1 Rdg8
26. Rg1 Nc4 27. Rb3 Nd6 28. Kh2 Nb5 29. Ne1 Bd5 30. Rb4 Rxe3 31. Bxb5 cxb5
32. Rxb5 Bc6 33. Rh5 Be4 34. Rh4 Re2 35. Rf4 Bd5 36. Rxf6 Rxe1 37. Rxf7+ 
Ke8 38. Rf2 Rxg1 39. Kxg1 Rf8 40. Rc2 Kd7 41. g3 Rc8 42. Rc5 Rb8 43. Rc2 
Rb3 44. Kh2 Rb6 45. Rf2 Ke7 46. Rc2 Rc6 47. Rc3 Kd7 48. g4 Rc4 49. Rxc4 
Bxc4 50. Kg3 Kd6 51. Kf4 Kd5 52. Ke3 Bxa6 53. b3 Bf1 54. h4 Bh3 55. g5 Bf5
56. h5 a5 57. h6 Bg6 58. Kf3 Kxd4 59. Kf4 e5+ 60. Kg3 Kd3 61. Kf2 Kd2 62. 
Kg3 e4 0-1

[Event "S60149 Server NA Class B Ch"]
[Site "CCLA"]
[Date "2016.05.12"]
[Round "?"]
[White "Strelecky, Rich"]
[Black "Catania, Duane"]
[Result "0-1"]
[WhiteElo "1670"]
[BlackElo "1637"]

1. e4 e6 2. d4 d5 3. Nc3 Nf6 4. Bg5 Bb4 5. e5 h6 6. Bd2 Bxc3 7. bxc3 Ne4 
8. Bd3 Nxd2 9. Qxd2 c5 10. Bb5+ Bd7 11. a4 Nc6 12. Bxc6 bxc6 13. Nf3 Qa5 
14. c4 Qxd2+ 15. Nxd2 cxd4 16. c5 Rb8 17. Rb1 Rxb1+ 18. Nxb1 Ke7 19. f4 
Rb8 20. Nd2 Rb2 21. Kd1 Ra2 22. Nb3 Rxa4 23. Kc1 d3 24. cxd3 Rxf4 25. h4 
f6 26. exf6+ gxf6 27. Kb1 e5 28. h5 Bf5 29. Kc2 Rf2+ 30. Nd2 Rxg2 31. Ra1 
e4 32. Rxa7+ Bd7 33. dxe4 dxe4 34. Kc3 e3 35. Nb3 Rg5 36. Kd3 Rxh5 37. Na5
Rxc5 38. Kxe3 Ke6 39. Nb7 Re5+ 40. Kd4 Rd5+ 41. Kc4 Be8 42. Nc5+ Kf5 43. 
Nb3 Re5 44. Nd4+ Kf4 45. Rc7 h5 46. Nxc6 Bxc6 47. Rxc6 Kg5 48. Rc7 h4 49. 
Rh7 Kg4 50. Rf7 f5 51. Rg7+ Kf3 52. Rh7 Kg3 53. Rg7+ Kh2 54. Kd4 Re4+ 55. 
Kd5 Re2 56. Rf7 Rf2 57. Ke5 h3 58. Rg7 Kh1 59. Kd4 h2 60. Ke3 Rf1 61. Ke2 
Rf4 62. Rg5 Rg4 63. Rxf5 Kg2 64. Rf2+ Kh3 0-1

[Event "S60149 Server NA Class B Ch"]
[Site "CCLA"]
[Date "2016.05.12"]
[Round "?"]
[White "Laaman, Thomas"]
[Black "Anderson, Clarence"]
[Result "0-1"]
[WhiteElo "1632"]
[BlackElo "1717"]

1. e4 g6 2. d4 Bg7 3. f4 d6 4. Nf3 c5 5. dxc5 Qa5+ 6. Bd2 Qxc5 7. Bc3 Nf6 
8. Bd4 Qb4+ 9. Qd2 Nc6 10. a3 Qxd2+ 11. Nbxd2 Nxd4 12. Nxd4 Nxe4 13. N2f3 
Bg4 14. c3 Bxf3 15. Bb5+ Kd8 16. Nxf3 Nxc3 17. bxc3 Bxc3+ 18. Ke2 Bxa1 19.
 Rxa1 h6 20. Rc1 Rc8 21. Rxc8+ Kxc8 22. g4 a6 23. Bd3 e6 24. Nd4 e5 25. 
fxe5 dxe5 26. Nb3 h5 27. g5 Kc7 28. Bc4 Rf8 29. Ke3 Kd6 30. Nd2 Ke7 31. 
Ne4 b5 32. Bd5 Rb8 33. Nc5 a5 34. Nb7 b4 35. axb4 axb4 36. Na5 Rb5 37. 
Nc6+ Kd6 38. Be4 b3 39. Na7 Rb4 40. Nc8+ Kd7 0-1

[Event "S60149 Server NA Class B Ch"]
[Site "CCLA"]
[Date "2016.05.12"]
[Round "?"]
[White "Laaman, Thomas"]
[Black "Strelecky, Rich"]
[Result "0-1"]
[WhiteElo "1632"]
[BlackElo "1670"]

1. e4 c5 2. Nf3 d6 3. Bd3 e5 4. h3 Nf6 5. O-O Be7 6. Re1 O-O 7. c3 a6 8. 
Bc2 b5 9. a3 c4 10. d3 h6 11. Nbd2 cxd3 12. Bxd3 Re8 13. Nf1 Bb7 14. Ng3 
Nc6 15. Bc2 Qd7 16. Nf5 a5 17. Be3 a4 18. Qd2 Na5 19. Bxh6 Nxe4 20. Bxe4 
Nb3 21. Nxe7+ Qxe7 22. Qg5 Qxg5 23. Bxg5 Bxe4 24. Rad1 Bxf3 25. gxf3 Re6 
26. f4 Rg6 27. Kh2 Ra6 28. Rg1 f6 29. Bh4 Rxg1 30. Rxg1 Nd2 31. Kg3 e4 32.
 f5 Nf3 33. Rd1 Kf8 34. Kg4 Ne5+ 35. Kg3 Nf3 36. Rd5 Rb6 37. Rd1 Ke8 38. 
Rd5 Kd7 39. Rd1 Kc6 40. Kg4 Ne5+ 41. Kg3 Nf3 42. Kg4 Rb8 43. Bg3 Ne5+ 44. 
Bxe5 fxe5 45. Kg5 d5 46. Kg6 Rf8 47. h4 Rf6+ 48. Kg5 Kc5 49. h5 d4 50. 
cxd4+ exd4 51. Kf4 Kd5 52. Rg1 Rf7 53. Rd1 Rc7 54. Rd2 Rc1 55. h6 gxh6 56.
 f6 Rc8 57. Kf5 h5 58. Kg5 Ke5 59. f7 h4 60. Kg6 h3 61. Rc2 Rf8 62. Kg7 h2
63. Rc5+ Kd6 64. Rc1 Ke7 65. Rc7+ Kd6 66. Rc1 h1=Q 67. Rxh1 Ke7 68. Re1 
Rxf7+ 69. Kg6 Rf6+ 70. Kg7 Rf4 71. Re2 Rg4+ 72. Kh6 d3 73. Re1 Rf4 74. Kg5
d2 0-1

[Event "S60149 Server NA Class B Ch"]
[Site "CCLA"]
[Date "2016.05.12"]
[Round "?"]
[White "Laaman, Thomas"]
[Black "Hadley, Douglas R."]
[Result "1/2-1/2"]
[WhiteElo "1632"]
[BlackElo "1662"]

1. e4 c5 2. Nf3 d6 3. Bd3 Nc6 4. h3 Nf6 5. c3 d5 6. e5 Nd7 7. Bb5 a6 8. 
Bxc6 bxc6 9. O-O e6 10. d3 Be7 11. Re1 Rb8 12. Nbd2 Bb7 13. Nf1 O-O 14. 
Ng3 Re8 15. c4 Nf8 16. b3 Ng6 17. Bb2 d4 18. Ne4 Qc7 19. Ng3 a5 20. Ba3 
Bc8 21. Rb1 Bd7 22. h4 h6 23. h5 Nf8 24. Ne4 Qb6 25. g4 Nh7 26. Bc1 Qd8 
27. Kh2 Ng5 28. Nfxg5 hxg5 29. Qd2 f6 30. exf6 gxf6 31. Kg2 Kf7 32. Qd1 
Rh8 33. f3 Rh6 34. Rh1 Qc7 35. Qe1 Rg8 36. Qg3 e5 37. Qe1 Rb8 38. Bd2 Ra8 
39. Ng3 Be6 40. Qe4 Qd7 41. Nf5 Bxf5 42. Qxf5 Qxf5 43. gxf5 Bd8 44. Kg3 
Kg7 45. Kg4 Ra7 46. a3 Rb7 47. Rb2 Bc7 48. Rhb1 Rh8 49. b4 Rhb8 50. b5 
cxb5 51. Rxb5 Rxb5 52. Rxb5 Rxb5 53. cxb5 Kh6 54. a4 1/2-1/2

[Event "S60149 Server NA Class B Ch"]
[Site "CCLA"]
[Date "2016.05.12"]
[Round "?"]
[White "Laaman, Thomas"]
[Black "Fisher Jr., Arthur"]
[Result "1/2-1/2"]
[WhiteElo "1632"]
[BlackElo "1691"]

1. e4 e5 2. f4 exf4 3. Bc4 Nf6 4. Nc3 c6 5. d4 Bb4 6. e5 Ne4 7. Qh5 d5 8. 
exd6 Nxd6 9. Qe5+ Qe7 10. Qxe7+ Kxe7 11. Be2 Re8 12. Nf3 Kf8 13. Kf2 Bxc3 
14. bxc3 Ne4+ 15. Kf1 Nxc3 16. Bd3 h6 17. Bxf4 Kg8 18. Kf2 Be6 19. Bd2 Nd5
20. c4 Nf6 21. Rhe1 Nbd7 22. h3 b6 23. a4 Rad8 24. a5 bxa5 25. Rxa5 Nb6 
26. Rxa7 Nxc4 27. Bxc4 Bxc4 28. Rc7 Ne4+ 29. Kg1 Nxd2 30. Rxe8+ Rxe8 31. 
Nxd2 Re1+ 32. Kh2 Bd5 33. Nf3 Bxf3 34. gxf3 Re6 35. Kg3 Rd6 36. Kf2 
1/2-1/2

[Event "S60149 Server NA Class B Ch"]
[Site "CCLA"]
[Date "2016.05.12"]
[Round "?"]
[White "Laaman, Thomas"]
[Black "Avery, Bryce"]
[Result "1/2-1/2"]
[WhiteElo "1632"]
[BlackElo "1649"]

1. e4 e5 2. f4 exf4 3. Bc4 Nf6 4. Nc3 Bb4 5. Nge2 O-O 6. O-O Nxe4 7. Nxe4 
d5 8. Bxd5 Qxd5 9. N2c3 Bxc3 10. Nxc3 Qd6 11. d4 Nc6 12. d5 Qc5+ 13. Kh1 
Ne7 14. Bxf4 Bf5 15. d6 Ng6 16. dxc7 Nxf4 17. Rxf4 Be6 18. Qd3 Qxc7 19. 
Raf1 Rad8 20. Qe3 b6 21. a3 1/2-1/2

[Event "S60149 Server NA Class B Ch"]
[Site "CCLA"]
[Date "2016.05.12"]
[Round "?"]
[White "Laaman, Thomas"]
[Black "Disque, Philip"]
[Result "0-1"]
[WhiteElo "1632"]
[BlackElo "1612"]

1. e4 d5 2. exd5 Qxd5 3. Nc3 Qd6 4. d4 Nf6 5. Nf3 c6 6. Bc4 Bg4 7. Be3 
Nbd7 8. a4 e6 9. O-O Be7 10. Re1 O-O 11. h3 Bh5 12. Be2 Bg6 13. a5 Nd5 14.
 Nxd5 Qxd5 15. c4 Qf5 16. Rc1 Qxa5 17. Bd2 Qd8 18. b3 h6 19. Nh2 Ba3 20. 
Ra1 Bb2 21. Ra2 Bxd4 22. Ng4 Nf6 23. Bf3 Nxg4 24. Bxg4 Qf6 25. Be3 Rfd8 
26. Qe2 Bxe3 27. Qxe3 Qd4 28. Qc1 Qb6 29. Rb2 Qb4 30. Rd1 c5 31. Bf3 Rd4 
32. Rxd4 cxd4 33. Qd2 Qxd2 34. Rxd2 e5 35. Bd5 Kf8 36. f4 f6 37. Rf2 e4 
38. f5 e3 39. Rf4 Bxf5 40. Rxd4 Rd8 41. Kf1 Rd7 42. Ke2 Re7 43. Rf4 Bd3+ 
44. Ke1 a5 45. c5 Rc7 46. c6 bxc6 47. Bc4 Rd7 48. Rh4 g5 49. Rg4 f5 50. 
Rg3 f4 51. Rf3 Bxc4 52. bxc4 Rd2 53. g3 Rf2 54. Rxf2 exf2+ 0-1

[Event "S60149 Server NA Class B Ch"]
[Site "CCLA"]
[Date "2016.05.12"]
[Round "?"]
[White "Laaman, Thomas"]
[Black "Catania, Duane"]
[Result "1/2-1/2"]
[WhiteElo "1632"]
[BlackElo "1637"]

1. e4 e6 2. d4 d5 3. e5 c5 4. c3 Nc6 5. Nf3 Qb6 6. a3 c4 7. Nbd2 Bd7 8. b3
cxb3 9. Nxb3 Na5 10. Nxa5 Qxa5 11. Bd2 Qc7 12. Bd3 Be7 13. O-O Bc6 14. Qc2
h6 15. h3 O-O-O 16. a4 f6 17. Bb5 Bf8 18. Rfb1 Ne7 19. Ne1 fxe5 20. Nd3 
Bxb5 21. Rxb5 exd4 22. Rab1 Nc6 23. Rxb7 Qxb7 24. Rxb7 Kxb7 25. cxd4 Bd6 
26. Nc5+ Bxc5 27. Qxc5 Rc8 28. Qb5+ Ka8 29. Be3 Rhe8 30. a5 Re7 31. a6 
Rec7 32. Qa4 Rb8 33. Kh2 Rb4 34. Qa3 Rf7 35. Qc3 Rc4 36. Qd3 Nd8 37. Qh7 
Kb8 38. Qb1+ Kc8 39. Qb2 1/2-1/2

[Event "S60149 Server NA Class B Ch"]
[Site "CCLA"]
[Date "2016.05.12"]
[Round "?"]
[White "Hadley, Douglas R."]
[Black "Anderson, Clarence"]
[Result "0-1"]
[WhiteElo "1662"]
[BlackElo "1717"]

1. e4 g6 2. d4 Bg7 3. Nc3 d6 4. f4 a6 5. Nf3 b5 6. Bd3 Nd7 7. O-O c5 8. 
dxc5 Nxc5 9. Bd2 Bb7 10. b4 Nxd3 11. cxd3 Rc8 12. Qb3 Nf6 13. h3 O-O 14. 
Rac1 e6 15. Be3 Nd7 16. a4 bxa4 17. Nxa4 Qe7 18. Nb6 Nxb6 19. Bxb6 Rxc1 
20. Rxc1 Rc8 21. Rxc8+ Bxc8 22. Qc4 Bb7 23. Kf2 d5 24. exd5 Bxd5 25. Qc5 
Qb7 26. Ke2 Bh6 27. Qc7 Bxf3+ 28. gxf3 Qxc7 29. Bxc7 Bf8 30. Ba5 Bd6 31. 
Ke3 Kf8 32. Ke4 Ke7 33. Kd4 Kd7 34. f5 exf5 35. Kd5 g5 36. Kc4 h5 37. b5 
axb5+ 38. Kxb5 g4 39. fxg4 fxg4 40. hxg4 h4 41. Bb6 h3 42. Bg1 h2 43. Bxh2
Bxh2 44. Kc5 Ke6 45. Kd4 Kf6 46. Ke4 Kg5 47. Kf3 Bb8 48. d4 Bc7 49. d5 Bd6
50. Kf2 Kxg4 51. Kg2 f5 52. Kf2 f4 53. Kg2 f3+ 54. Kf2 Bc5+ 55. Kf1 Kg3 
56. d6 Bxd6 57. Kg1 f2+ 58. Kf1 Bc5 0-1

[Event "S60149 Server NA Class B Ch"]
[Site "CCLA"]
[Date "2016.05.12"]
[Round "?"]
[White "Hadley, Douglas R."]
[Black "Strelecky, Rich"]
[Result "1/2-1/2"]
[WhiteElo "1662"]
[BlackElo "1670"]

1. e4 e5 2. Nf3 Nc6 3. Bb5 Nf6 4. O-O Nxe4 5. d4 Be7 6. Qe2 Nd6 7. Bxc6 
bxc6 8. dxe5 Nf5 9. Qe4 d5 10. exd6 Qxd6 11. Bf4 Qd7 12. Nc3 Nd6 13. Qd4 
O-O 14. Rfe1 Nf5 15. Qxd7 Bxd7 16. Bxc7 Be6 17. a3 h6 18. Rad1 Rfc8 19. 
Bf4 Re8 20. Nd4 Nxd4 21. Rxd4 Bf6 22. Be5 Bf5 23. f4 Bxe5 24. Rxe5 Rxe5 
25. fxe5 Bxc2 26. Rc4 Re8 27. Rxc6 Rxe5 28. Rc8+ Kh7 29. Rc7 Kg6 30. Rxa7 
Re1+ 31. Kf2 Re5 32. Rc7 Rf5+ 33. Kg3 Rg5+ 34. Kf2 Ra5 35. Rc6+ Kh7 36. 
Ne2 Rf5+ 37. Ke3 Re5+ 38. Kd2 Be4 39. Rc7 Bxg2 40. Rxf7 Rd5+ 41. Ke3 Re5+ 
42. Kf2 Bd5 43. Rf4 Rh5 44. h4 g5 45. hxg5 Rh2+ 46. Ke3 hxg5 47. Rf2 Rh3+ 
48. Kd2 Rb3 49. Kc2 g4 50. Nf4 g3 51. Rg2 Bc4 52. Nh5 Rf3 53. Nxg3 Bd5 54.
 Kd2 Rb3 55. Kc2 Rxb2+ 56. Kxb2 Bxg2 57. Nf5 Kg8 58. a4 Kf7 59. Nd4 Ke7 
60. Kb3 Kd6 61. Kb4 Kc7 62. Kc5 Kb7 63. a5 Bh3 64. Kb4 Bg2 65. Nb3 Kc6 66.
 Nc5 1/2-1/2

[Event "S60149 Server NA Class B Ch"]
[Site "CCLA"]
[Date "2016.05.12"]
[Round "?"]
[White "Hadley, Douglas R."]
[Black "Laaman, Thomas"]
[Result "1-0"]
[WhiteElo "1662"]
[BlackElo "1632"]

1. e4 e5 2. Nf3 Nf6 3. Nxe5 d6 4. Nf3 Nxe4 5. d4 d5 6. Bd3 Nc6 7. O-O Be7 
8. c4 Nf6 9. h3 O-O 10. Nc3 dxc4 11. Bxc4 Na5 12. Bd3 Be6 13. Re1 Nd5 14. 
Qc2 h6 15. Bd2 Nc6 16. a3 Bf6 17. Be3 Qd7 18. Rad1 Nxc3 19. Qxc3 Bd5 20. 
Be2 Rad8 21. Ne5 Qe8 22. Nxc6 Qxc6 23. Qxc6 Bxc6 24. Rd2 Rfe8 25. Kf1 Re7 
26. b4 a6 27. Red1 Ba4 28. Rc1 c6 29. Bd1 Bb5+ 30. Be2 Bxe2+ 31. Rxe2 Rd5 
32. Rd2 Kh7 33. Rc5 Red7 34. Rxd5 Rxd5 35. Ke2 Kg6 36. g4 a5 37. Rd3 axb4 
38. axb4 Be7 39. Bd2 Rb5 40. Rb3 b6 41. Kd3 Rd5 42. f3 Bf6 43. Be3 c5 44. 
Kc4 Rxd4+ 45. Bxd4 Bxd4 46. f4 f5 47. b5 fxg4 48. hxg4 h5 49. gxh5+ Kxh5 
50. Rf3 Kg4 51. Rf1 Kf5 52. Kd3 Ke6 53. Ke4 Kd6 54. f5 Bf6 55. Rd1+ Kc7 
56. Kd5 Bd4 57. Re1 Bf6 58. Re6 Bd8 59. Rg6 Bf6 60. Ke6 c4 61. Rg4 c3 62. 
Rc4+ Kb7 63. Kd6 1-0

[Event "S60149 Server NA Class B Ch"]
[Site "CCLA"]
[Date "2016.05.12"]
[Round "?"]
[White "Hadley, Douglas R."]
[Black "Fisher Jr., Arthur"]
[Result "1/2-1/2"]
[WhiteElo "1662"]
[BlackElo "1691"]

1. e4 c5 2. Nf3 Nc6 3. Bb5 e6 4. O-O Nge7 5. Re1 a6 6. Bxc6 Nxc6 7. d4 
cxd4 8. Nxd4 Bc5 9. Be3 Qb6 10. Nxc6 dxc6 11. Nc3 Bxe3 12. Rxe3 Qxb2 13. 
Rb1 Qa3 14. Nb5 Qe7 15. Nd6+ Kf8 16. Rd3 g6 17. Nxc8 Rxc8 18. Rd7 Qf6 19. 
Rbxb7 Kg7 20. Qd4 Qxd4 21. Rxd4 Rhd8 22. Rxd8 Rxd8 23. Kf1 Rd2 24. Rb6 
Rxc2 25. Rxa6 Kf6 26. Ra5 c5 27. f4 g5 28. g3 gxf4 29. gxf4 Rxh2 30. Rxc5 
Rxa2 31. Rg5 Ra4 32. e5+ Ke7 33. Rg4 f5 34. exf6+ Kxf6 35. Rh4 Kf5 36. 
Rxh7 Rxf4+ 37. Ke1 Ke4 38. Ra7 e5 39. Ra3 Rf3 40. Ra4+ Ke3 41. Ra3+ Kf4 
42. Ra4+ e4 43. Ra8 Rg3 44. Kf2 e3+ 45. Ke2 Rg2+ 46. Ke1 Rf2 1/2-1/2